Helping Verbs Quiz Stats

 Plays Quiz Updated Jun 15, 2018

Score 0/23 Timer 04:00
230 Plays Today
Verb % Correct
is
87.1%
be
86.6%
are
83.6%
was
81.6%
have
81.5%
could
81.1%
am
80.9%
should
80.4%
would
79.8%
were
78.7%
will
78.3%
do
78%
Verb % Correct
can
77.1%
has
75.8%
had
75.8%
may
71.2%
been
70.7%
did
70.4%
might
70.3%
shall
68.1%
does
67.1%
being
65.1%
must
63%

You're not logged in!

Compare scores with friends on all Sporcle quizzes.
OR
Log In

Show Comments

Extras

Top Quizzes Today


Score Distribution

Your Account Isn't Verified!

In order to create a playlist on Sporcle, you need to verify the email address you used during registration. Go to your Sporcle Settings to finish the process.

Report this User

Report this user for behavior that violates our Community Guidelines.

Details: